Reglamentación higiénica de las industrias insalubres / (Record no. 179611)

MARC details
000 -LEADER
campo de control de longitud fija 00825nam a22002171i 4500
001 - NÚMERO DE CONTROL
campo de control 179611
003 - IDENTIFICADOR DE NÚMERO DE CONTROL
campo de control ES-MaACL
005 - FECHA Y HORA DE LA ÚLTIMA TRANSACCIÓN
campo de control 20250730024616.0
008 - DATOS DE LONGITUD FIJA--INFORMACIÓN GENERAL
campo de control de longitud fija 111226s1917 sp |||| | spa d
100 1# - ENTRADA PRINCIPAL--NOMBRE DE PERSONA
Nombre de persona Ubeda y Correal, Jose.
9 (RLIN) 111834
245 10 - MENCIÓN DEL TÍTULO
Título Reglamentación higiénica de las industrias insalubres /
Mención de responsabilidad, etc. por José Ubeda y Correal.
260 ## - PUBLICACIÓN, DISTRIBUCIÓN, ETC.
Lugar de publicación, distribución, etc. Madrid :
Nombre del editor, distribuidor, etc. Sociedad Española de Higiene,
Fecha de publicación, distribución, etc. 1917.
300 ## - DESCRIPCIÓN FÍSICA
Extensión 54 p. ;
Dimensiones 21 cm.
490 1# - MENCIÓN DE SERIE
Mención de serie Legado Roel : Colección de Memorias premiadas ;
Designación de volumen o secuencia 20
500 ## - NOTA GENERAL
Nota general Concurso de 1916-1917.
650 07 - PUNTO DE ACCESO ADICIONAL DE MATERIA--TÉRMINO DE MATERIA
Término de materia o nombre geográfico como elemento de entrada Higiene industrial
Fuente del encabezamiento o término embne
9 (RLIN) 13353
710 2# - ENTRADA AGREGADA--NOMBRE DE ENTIDAD CORPORATIVA
Nombre de entidad corporativa o nombre de jurisdicción como elemento de entrada Sociedad Española de Higiene.
9 (RLIN) 6725
830 00 - PUNTO DE ACCESO ADICIONAL DE SERIE-TÍTULO UNIFORME
Título uniforme Legado Roel: Colección de memorias premiadas
Designación de volumen o secuencia 20
9 (RLIN) 183286
852 ## - LOCALIZACIÓN
Ubicación ES-MaACL
Número de control de estantería C-8171(15)
Nota libre .- Encuadernado con otras obras
Holdings
Estatus retirado Estado de pérdida Estado de daño No para préstamo Biblioteca de origen Biblioteca actual Ubicación en estantería Fecha de adquisición Fuente de adquisición Total de préstamos Signatura topográfica completa Código de barras Visto por última vez Precio de reemplazo Tipo de ítem Koha
        Biblioteca del Ateneo de Madrid Biblioteca del Ateneo de Madrid Sala Palomar 26/12/2011     C-8171(15) 1188685 23/02/2023 23/02/2023 Libro impreso